| 000 | 00782npm a2200229 i 4500 | ||
|---|---|---|---|
| 001 | 5315 | ||
| 003 | ES-MaACL | ||
| 005 | 20230909111450.0 | ||
| 007 | hzrazu bucu | ||
| 008 | 900503r19901835sp b 00010 spa d | ||
| 080 | _a061.21(464.1) Ateneo "1835/39" | ||
| 110 | 2 |
_aAteneo de Madrid. _91875 |
|
| 245 | 1 | 0 |
_aCuentas del Ateneo de Madrid _b: desde el 16 de diciembre de 1835 a 31 de diciembre de 1839 [Microforma]. |
| 260 |
_aMadrid : _bAteneo Cientifico, Literario y Artistico, _c1990. |
||
| 300 |
_a1 microficha : _bnegativo. |
||
| 500 | _aReproduccion del ejemplar manuscrito. | ||
| 500 | _aFaltan las hojas del 16 al 24 de diciembre. | ||
| 650 | 1 | 4 |
_aObras de 1800. _915662 |
| 852 |
_aES-MaACL _jMCF-62 _95432 |
||
| 942 |
_2udc _cMICROFORMA |
||
| 999 |
_c5315 _d5315 |
||